Movies Quiz

Random Movies or Actor Quiz
Score 0/30 Timer 13:00
0 Plays Today
Actors % Correct
Octavia Spencer
90.9%
Sally Hawkins
90.9%
Michael Shannon
90.9%
Ron Perlman
86.4%
Doug Jones
86.4%
Tom Hiddleston
86.4%
Jessica Chastain
81.8%
Richard Jenkins
81.8%
Idris Elba
77.3%
Charlie Hunnam
77.3%
Selma Blair
72.7%
Mia Wasikowska
72.7%
John Hurt
54.5%
Rinko Kikuchi
54.5%
Charlie Day
50%
Actors % Correct
Burn Gorman
50%
Michael Stuhlbarg
50%
Wesley Snipes
45.5%
Jim Beaver
45.5%
Jeffrey Tambor
36.4%
Rupert Evans
27.3%
Mira Sorvino
22.7%
Seth MacFarlane
22.7%
Josh Brolin
18.2%
Kris Kristofferson
18.2%
Donnie Yen
18.2%
F. Murray Abraham
13.6%
Charles S. Dutton
13.6%
Norman Reedus
13.6%
Clifton Collins Jr.
13.6%
Remove Ads.
Support Sporcle.
Get the best of Sporcle when you Go Orange. This ad-free experience offers more features, more stats, and more fun while also helping to support Sporcle. Thank you for becoming a member.

You're not logged in!

Compare scores with friends on all Sporcle quizzes.
OR
Log In

Show Comments

Extras

Created Oct 2, 2019ReportNominate
Tags:Actor Quiz, del, toro

Top Quizzes Today


Score Distribution

Your Account Isn't Verified!

In order to create a playlist on Sporcle, you need to verify the email address you used during registration. Go to your Sporcle Settings to finish the process.

Report this User

Report this user for behavior that violates our Community Guidelines.

Details: